00678nam a2200193 a 45000010005000000030009000050080041000140200015000550400028000700820017000981000035001152450065001502600036002153000020002516500033002719420012003049990017003169520151003338669CO-ViMGA141112s2004 ck r 000 u spa d a9589023568 aCO-ViMGAbspacCO-ViMGA04aR574.5 P51d21 aPlata Rodriguez, Eduardo9868810aDiccionario Ecologico Ilustrado / cPlata Rodriguez Eduardo  aBogotá, cEd. el Buho, c1991 a205p, il, 17 cm14aEcologia - diccionario98689 2ddccBK c20307d20307 00102ddc40708003aMEVIECARbMEVIECARd2015-12-04hVolumen. 1 | 11/jun/2009l0oR574.5 P51d2 p8669r2015-12-04 00:00:00tEj. 1w2015-12-04yBK